| 000 | 00648nam a2200241 a 4500 | ||
|---|---|---|---|
| 999 |
_c6353 _d6353 |
||
| 001 | 6353 | ||
| 003 | BD-JhCC | ||
| 005 | 20220201134022.0 | ||
| 008 | 180121s1999 ii |||| |||| 000 0 eng d | ||
| 035 | _a(BD-JhCC)6353 | ||
| 040 |
_aBD-JhCC _dBD-JhCC |
||
| 041 | _aeng | ||
| 082 |
_a515.8 _bDAS 1999 |
||
| 100 | _aDas, B. C. | ||
| 245 |
_aDifferential Calculus : _bFor Degree Cours / _cB. C. Das & B. N. Mukherjee |
||
| 250 | _a22nd Edi. | ||
| 260 |
_aCalcutta : _bU. N. Dhur & Sons, Private Ltd. _c1999. |
||
| 300 |
_a475 p. : _c18 cm. |
||
| 650 | _aDifferential Calculus | ||
| 700 | _aMukherjee B. N. | ||
| 942 |
_2ddc _cBK _01 |
||